000 00828nam a2200253 i 4500
001 185704
003 SpMaBN
005 20250907063136.0
008 160803s1985 sp |||| |dspa d
020 _a84-376-0570-9
080 _a849.92-31"19"
100 1 _aVillalonga, Llorenç,
_d1897-1980
_9114975
245 1 0 _aBearn
_bo La sala de las muñecas /
_cLorenzo Villalonga ; edición de Jaime Vidal Alcover.
260 _aMadrid :
_bCátedra,
_c[1985]
300 _a423 p. ;
_c18 cm.
490 1 _aLetras hispánicas ;
_v236
504 _aBibliografía: p. 37-42.
700 1 _aVidal Alcover, Jaume.
_9114465
740 3 2 _aLa sala de las muñecas.
830 0 0 _aLetras hispánicas ;
_v236
_9235703
852 _aES-MaACL
_jL-30502
_z. - Donat. Miguel A. Velasco
942 _2udc
999 _c185704
_d185704